000 00679nam a2200241 a 4500
001 61369
003 BD-RjUL
005 20211209080943.0
008 170117s1982 nyua 001 0 eng d
020 _a0814457487
035 _a(BD-RjUL) 61493
040 _aBD-RjUL
_cBD-RjUL
_dBD-RjUL
_beng
041 _aeng
082 0 0 _a658.816
_223
_bSYP 1982
100 1 _aSymonds, Curtis W.
_9179694
245 1 0 _aPricing for profit /
_cCurtis W. Symonds.
260 _aNew York :
_bAMACOM, American Management Associations,
_cc1982.
300 _a166 p. :
_bill. ;
_c22 cm.
500 _aIncludes index.
650 0 _aPricing.
_9182994
650 0 _aProfit.
_9174961
942 _2ddc
_cBK
999 _c61369
_d61369